Регионална библиотека "Любен Каравелов" - Русе

Приятели (Запис номер 142296)

MARC детайли
000 -Лидер
Контролно поле с фиксирана дължина 01848nam a2200361 a 4500
003 - Код на организацията, давaща контролен номер
Контролно поле BLK
005 - Дата и час на последна редакция
Контролно поле 20250129005527.0
008 - Елементи от данни с фиксирана дължина
fixed length control field 180409b bul|||||r ||||||| ||bul||
010 ## - Наследен системен номер
LC control number KNG00148384000
040 ## - Източник на каталожния запис
Идентификатор на билиотеката - собственик на записа BLK
041 ## - Код за език
Код за езика на текст/звукозапис или на отделно заглавие Български
Код за езика КДБФ Български
080 ## - УДК
Текстов определител УДК Българска литература
УДК код - определител по УДК 821.163.2
УДК определител -93-8
УДК - код + определител 821.163.2-93-8
080 ## - УДК
Текстов определител УДК Украинска литература
УДК код - определител по УДК 821.161.2
УДК определител -93-8
УДК - код + определител 821.161.2-93-8
139 ## - Редно поле
Редна дума Приятели
Авторски знак Прил - П 88
245 10 - Сведения за заглавието
Заглавие Приятели
Подзаглавни данни Творби на укр. и бълг. писатели за деца
Редно поле (дума) състав. Анатолий Костецки; състав. Георги Струмски; худож. Костадинка Методиева Измирлиева; прев. от укр. Пенка Асенова Кънева; прев. от укр. Янко Лазов Димов.
257 ## - Страна на издаване
Страна на създаване/издаване България
-- Украйна
260 ## - Област на издателските данни
Име на издателя, разпространителя и проч. Веселка
Година на издаване 1984
Място на издаване, разпространение и проч. София
300 ## - Физическа характеристика
Страници 240 с.
Илюстрации и др. с цв. ил.
Размери/Мащаб 24 см
380 ## - Жанр
Жанр Детска худож. лит.
500 ## - Общи забележки
Забележка Офс. изд. - 16 115 тир.
700 1# - Други автори (авторска отговорност)
Лично име Костецки, Анатолий
Автороска отговорност (Описва отношението между автора и произведението) състав.
9 (RLIN) 82973
700 ## - Други автори (авторска отговорност)
Лично име Струмски, Георги
Дати, свързани с автора 1932 - 2013
Друга информация Писател, поет, преводач от руски език.
Пълна форма на името Йорданов, Георги Асенов
9 (RLIN) 375654
700 1# - Други автори (авторска отговорност)
Лично име Измирлиева, Костадинка Методиева
Автороска отговорност (Описва отношението между автора и произведението) худож.
9 (RLIN) 364778
700 ## - Други автори (авторска отговорност)
Лично име Кънева, Пенка Асенова
9 (RLIN) 365440
700 1# - Други автори (авторска отговорност)
Лично име Димов, Янко Лазов
Автороска отговорност (Описва отношението между автора и произведението) прев. от укр.
9 (RLIN) 379606
852 ## - Местоположение
Форматна сигнатура Цб 262005
856 4# - Електронен адрес и достъп
Електронен формат pdf - файл
Инструкция (цена за достъп) 0.00
Права за достъп disable
856 4# - Електронен адрес и достъп
Електронен формат pdf - файл
Инструкция (цена за достъп) 0.00
Права за достъп disable
999 ## - СИСТЕМНИ КОНТРОЛНИ НОМЕРА
Koha biblionumber 142296
Koha biblioitemnumber 142296
942 ## - АРТИКУЛИ
Вид на библиотечния материал Книги
Скрит в OPAC Не
Периодичен библиозапис Да
944 ## - СЪЗДАВАНЕ И РЕДАКЦИЯ на ЗАПИСА
Създаване/Редакция Създаване
Дата на регистрацията/редакция 03.08.2013
Статус, дата на статуса CRON CRON
Служител, извършил регистрацията/редакцията
944 ## - СЪЗДАВАНЕ И РЕДАКЦИЯ на ЗАПИСА
Създаване/Редакция Редакция
Дата на регистрацията/редакция 15.09.2017
Статус, дата на статуса 03.08.2013 - от С1,Р / 03.08.2013
Служител, извършил регистрацията/редакцията Милена_Ачева
999 ## - СИСТЕМНИ КОНТРОЛНИ НОМЕРА
Koha biblioitemnumber 142296
Наличности
Код за отписване Код за изгубен артикул Източник на класификационната схема Код за повреда Коз за рестрикции Код за отдаване Артикулен № Име на библиотеката - собственик Име на библиотеката, в която се намира в момента Статус (Текущо местоположение) Дата на вписване в системата Местоположение - отдел Цена в лева Инвентарен номер Систематично азбучна сигнатура Баркод Номер на екземпляра Цена в евро Служебна бележка Служебен тип на артикула Бележка за публиката
  Не е изгубен Universal Decimal Classification Не е повреден без рестрикции ползва се в читалня 235225 Регионална библиотека "Любен Каравелов" Русе Регионална библиотека "Любен Каравелов" Русе Хранилище 1984-01-01 Хранилище 1.47 427768 Цб 262005 120000427768 1 0.75 Вид: СФ N: стар фонд Дата: 01.01.1984 Книги  
Изтеглен Не е изгубен   Не е повреден без рестрикции заемане за дома 235226 Регионална библиотека "Любен Каравелов" Русе Регионална библиотека "Любен Каравелов" Русе   1984-01-01 Детски отдел 1.47 427592 ДХ 886.7/П 88 427592 2 0.75 Вид: Сф N: стар фонд Дата: 01.01.1984 Дата инв: 09.09.2015 Бележки инв: Д2015 Книги Отч.N: 29/2017 , Дата: 17.08.2017
Изтеглен Не е изгубен   Не е повреден без рестрикции заемане за дома 235227 Регионална библиотека "Любен Каравелов" Русе Регионална библиотека "Любен Каравелов" Русе   1984-01-01 Детски отдел 1.47 427598 ДХ 886.7/П 88 427598 3 0.75 Вид: Сф N: стар фонд Дата: 01.01.1984 Дата инв: 09.09.2015 Бележки инв: Д2015 Книги Отч.N: 29/2017 , Дата: 17.08.2017
Изтеглен Не е изгубен   Не е повреден без рестрикции заемане за дома 235228 Регионална библиотека "Любен Каравелов" Русе Регионална библиотека "Любен Каравелов" Русе   1984-01-01 Детски отдел 1.47 427600 ДХ 886.7/П 88 427600 4 0.75 Вид: Сф N: стар фонд Дата: 01.01.1984 Дата инв: 09.09.2015 Бележки инв: Д2015 Книги Отч.N: 29/2017 , Дата: 17.08.2017
Изтеглен Не е изгубен Universal Decimal Classification Не е повреден без рестрикции заемане за дома 235229 Регионална библиотека "Любен Каравелов" Русе Регионална библиотека "Любен Каравелов" Русе Детски отдел 1984-01-01 Детски отдел 1.47 427601 ДХ 886.7/П 88 427601 5 0.75 Вид: Сф N: стар фонд Дата: 01.01.1984 Дата инв: 05.08.2015 Бележки инв: Д2015 Книги  
  Не е изгубен Universal Decimal Classification Не е повреден без рестрикции заемане за дома 235230 Регионална библиотека "Любен Каравелов" Русе Регионална библиотека "Любен Каравелов" Русе Детски отдел 1984-01-01 Детски отдел 1.47 570923 ДХ 886.7/П 88 120000570923 6 0.75 Вид: Сф N: стар фонд Дата: 01.01.1984 Дата инв: 25.09.2015 Бележки инв: Д2015 Книги  
Vip Innovations Ltd, Rousse, Bulgaria 2025